000 00606nam a2200169Ia 4500
008 090201s9999 xx 000 0 und d
010 _aKPL-62553
040 _bमराठी
041 _aमराठी
082 _a20747
_b62553
100 _aमधुसुदन घाणेकर
245 _aजन्म तारखेतील गूढ
_cमधुसुदन घाणेकर
260 _c2004
_bइंद्रायणी साहित्य प्रकाशन
300 _a79
_bमोठा
600 _aजन्म तारखेतील गूढ
942 _cBOOK
999 _c220513
_d220513